Score 0/15 Timer 05:00
0 Plays Today
% Correct
Willie
90.7%
Scrooge McDuck
89.1%
Merida
89%
Campfire Lass
76.2%
Biclops
74.1%
Scotty
72.2%
Goliath
67.8%
Destro
65.4%
% Correct
Numbuh 86
63.5%
Duncan
58.1%
Duff Killigan
51.7%
Roddy MacStew
50.7%
MacRory
49.6%
Scotsman
44.3%
Haggis McHaggis
38%
Remove Ads.
Support Sporcle.
Get the best of Sporcle when you Go Orange. This ad-free experience offers more features, more stats, and more fun while also helping to support Sporcle. Thank you for becoming a member.

You're not logged in!

Compare scores with friends on all Sporcle quizzes.
OR
Log In

Show Comments

Extras

Top Quizzes Today


Score Distribution

Your Account Isn't Verified!

In order to create a playlist on Sporcle, you need to verify the email address you used during registration. Go to your Sporcle Settings to finish the process.

Report this User

Report this user for behavior that violates our Community Guidelines.

Details: